000 00760cam a2200241 4500
001 J3310
008 090401t xxu||||| |||| 00| 0 eng d
035 _a(Sirsi) u54290
041 _aeng
050 _a692.8
110 _aNational Joint Consultative Committee
_9997
245 _aStandard form of tendering questionnaire: application for admission to approved lists of contractors.
260 _aLondon
_bNJCC
_cn.d.
300 _a12p. ; 30cm.
350 _a4.7
650 _aAPPROVED LIST OF CONTRACTORS
650 _aBUILT ENVIRONMENT-BUILDING CONTRACT FORMS
650 _aSTANDARD FORM OF TENDERING QUESTIONNAIRE
650 _aTENDERING QUESTIONNAIRES
690 _aBUILT ENVIRONMENT-BUILDING CONTRACT FORMS
942 _n0
948 _c04/03/1997
999 _c93450
_d93450